000 00413nam a2200157Ia 4500
008 230917s9999||||xx |||||||||||||| ||und||
020 _cFL80
040 _e4570
_aMAIN
041 _aEnglish
082 _a338.16 B644T
100 _aBoon, Gerard K
245 0 _aTechonology and sector choice in economic development
260 _aNetherlands
_bSijthoff & Noordhoff
_c1978
300 _ax, 313 p.
942 _cBK
999 _c193875
_d193875